MARC

LEADER 00000nam1a2200000 4500
001 244655
005 20231101232052.0
010 |a 5335005874 
020 |a RU  |b 90-54965 
035 |a (RuTPU)RU\TPU\book\266044 
090 |a 244655 
100 |a 20131024d1990 km y0rusy5003 ca 
101 0 |a rus 
102 |a UA 
200 1 |a Алгоритмические операционные устройства и суперЭВМ  |f И. М. Вишенчук, Н. В. Черкасский 
210 |a Киев  |c Тэхника  |d 1990 
215 |a 198 с.  |c ил. 
320 |a Библиогр.: с. 192-196. 
606 1 |a Вычислительные машины электронные  |x Операционные системы  |2 stltpush  |3 (RuTPU)RU\TPU\subj\4125  |9 32431 
610 1 |a ЭВМ 
610 1 |a развитие 
610 1 |a применение 
610 1 |a архитектура 
610 1 |a алгоритмические устройства 
610 1 |a алгоритмы 
610 1 |a команды 
610 1 |a операционные устройства 
610 1 |a классификация 
610 1 |a суперЭВМ 
610 1 |a структуры 
675 |a 681.3.06  |v 3 
700 1 |a Вишенчук  |b И. М.  |g Игорь Михайлович  |4 070 
701 1 |a Черкасский  |b Н. В.  |g Николай Вячеславович  |4 070 
801 0 |a RU  |b RuMRKP  |c 19950417  |g psbo 
801 1 |a RU  |b 63413507  |c 20131024 
801 2 |a RU  |b 63413507  |c 20170131  |g RCR 
942 |c BK